[Event "IECG WC.2004.P.00009 email"]
[Site "IECG email"]
[Date "2001.01.22"]
[Round "?"]
[White "De Silva, Dinesh"]
[Black "Heidenfors, Karl G Ronald"]
[Result "1-0"]
[WhiteElo "1880"]
[BlackElo "2127"]
[PlyCount "81"]
[EventDate "2001.01.22"]
[EventType "tourn (corr)"]
[EventRounds "8"]
[SourceTitle "Corr 2008"]
[Source "ChessBase"]
[SourceDate "2008.06.24"]
[SourceVersion "1"]
[SourceVersionDate "2008.06.24"]
[SourceQuality "1"]

1. e4 e5 2. Nf3 Nc6 3. Bb5 a6 4. Ba4 Nf6 5. Qe2 b5 6. Bb3 Bc5 7. d3 d6 8. c3 Ba7 9. Bg5 Na5 10. Bc2 c5 11. c4 Nc6 12. cxb5 axb5 13. Nc3 Qa5 14. 0-0 Bg4 15. a4 Nd4 16. Qd1 b4 17. Nb5 Bxf3 18. gxf3 Qd8 19. Nxd4 exd4 20. f4 h6 21. Bh4 Rg8 22. Re1 g5 23. fxg5 hxg5 24. Bg3 Bb8 25. Qf3 g4 26. Qf5 Nd7 27. Bb3 Rg7 28. Bd5 Ra6 29. Bc4 Ra7 30. Qh5 Nf6 31. Bb5+ Kf8 32. Qh8+ Ng8 33. e5 d5 34. Rac1 Rg6 35. Bf4 Rc7 36. h4 gxh3+ 37. Kh2 Qc8 38. Rg1 Qe6 39. Rxg6 fxg6 40. Bh6+ Ke7 41. f4 1-0

[Event "IECG L1.2000.0.00013 email"]
[Site "IECG email"]
[Date "2000.05.28"]
[Round "?"]
[White "Gallet, Gilles"]
[Black "Heidenfors, Karl G Ronald"]
[Result "1-0"]
[WhiteElo "1809"]
[BlackElo "2162"]
[PlyCount "91"]
[EventDate "2000.05.28"]
[EventType "tourn (corr)"]
[EventRounds "14"]
[SourceTitle "Corr 2008"]
[Source "ChessBase"]
[SourceDate "2008.06.24"]
[SourceVersion "1"]
[SourceVersionDate "2008.06.24"]
[SourceQuality "1"]

1. d4 d5 2. Nf3 Nf6 3. Bg5 e6 4. Nbd2 Nbd7 5. e3 Be7 6. Bd3 c5 7. c3 b6 8. 0-0 Bb7 9. Ne5 Nxe5 10. dxe5 Nd7 11. Bxe7 Qxe7 12. f4 f5 13. exf6 gxf6 14. Qh5+ Qf7 15. Qxf7+ Kxf7 16. Rad1 Bc6 17. e4 Rad8 18. exd5 Bxd5 19. Rfe1 Nf8 20. Nc4 Ng6 21. g3 h5 22. Ne3 Bxa2 23. Bxg6+ Kxg6 24. Ra1 Bd5 25. Rxa7 Bb3 26. Ra3 c4 27. Ng2 Rhe8 28. Ra7 Bc2 29. Rc7 b5 30. Rb7 Rd6 31. Rxb5 Ra8 32. Nh4+ Kh6 33. Nf3 Bf5 34. Nd4 Bh3 35. Rb4 e5 36. fxe5 fxe5 37. Nc2 Rd2 38. Ne3 Rf8 39. Rxc4 Rxb2 40. Rh4 Be6 41. Re4 Bh3 42. Rxe5 Rff2 43. Ra1 h4 44. Re4 Rfe2 45. Rxh4+ Kg5 46. Rxh3 1-0

[Event "IECG L1.2000.0.00013 email"]
[Site "IECG email"]
[Date "2000.05.28"]
[Round "?"]
[White "Heidenfors, Karl G Ronald"]
[Black "Simon, Holger"]
[Result "1-0"]
[WhiteElo "2162"]
[BlackElo "1979"]
[PlyCount "69"]
[EventDate "2000.05.28"]
[EventType "tourn (corr)"]
[EventRounds "14"]
[SourceTitle "Corr 2008"]
[Source "ChessBase"]
[SourceDate "2008.06.24"]
[SourceVersion "1"]
[SourceVersionDate "2008.06.24"]
[SourceQuality "1"]

1. e4 e6 2. d4 d5 3. Nd2 Nf6 4. e5 Nfd7 5. Bd3 c5 6. c3 Nc6 7. Ne2 cxd4 8. cxd4 Qb6 9. Nf3 f6 10. exf6 Nxf6 11. 0-0 Bd6 12. Nc3 Bd7 13. a3 Nxd4 14. Nxd4 Qxd4 15. Nb5 Qe5 16. g3 Bb8 17. Bf4 Qh5 18. Be2 Qh3 19. Bxb8 Rxb8 20. Nd6+ Ke7 21. Qd4 Kxd6 22. Qb4+ Kc7 23. Qf4+ Kc8 24. Rfc1+ Bc6 25. Qd6 Nd7 26. b4 d4 27. Bf3 e5 28. b5 Qh6 29. Qd5 Kd8 30. bxc6 bxc6 31. Rxc6 Qh3 32. Qa5+ Ke7 33. Rc7 Kf6 34. Qxa7 Rbd8 35. Bc6 1-0

[Event "IECG CP.1999.P.00076"]
[Site "IECG email"]
[Date "1999.10.01"]
[Round "?"]
[White "Baroin, Bernard"]
[Black "Heidenfors, Karl G Ronald"]
[Result "1-0"]
[WhiteElo "2099"]
[BlackElo "2170"]
[PlyCount "97"]
[EventDate "1999.10.01"]
[EventType "tourn (corr)"]
[EventRounds "6"]
[EventCountry "GER"]
[SourceTitle "Corr 2008"]
[Source "ChessBase"]
[SourceDate "2008.06.24"]
[SourceVersion "1"]
[SourceVersionDate "2008.06.24"]
[SourceQuality "1"]

1. e4 e5 2. Nf3 Nc6 3. Bb5 a6 4. Ba4 Nf6 5. 0-0 b5 6. Bb3 Bb7 7. Ng5 d5 8. exd5 Nd4 9. Re1 Bd6 10. d3 0-0 11. c4 c6 12. dxc6 Bxc6 13. Nc3 h6 14. Nge4 Nxe4 15. Nxe4 Bc7 16. Be3 bxc4 17. Bxc4 Ba5 18. Rf1 Rb8 19. b3 Qh4 20. f3 Kh8 21. Nc5 Bc3 22. Rc1 Nf5 23. Bf2 Bd4 24. Qd2 a5 25. Rce1 Rbe8 26. Qxa5 Bxf2+ 27. Rxf2 Nd4 28. Ne4 f6 29. Qd2 f5 30. Nc3 f4 31. Ne2 Nf5 32. Nc3 Nd4 33. Bd5 Bxd5 34. Nxd5 Rf5 35. Re4 Rc8 36. g4 Rg5 37. Nxf4 Rc2 38. Qe3 exf4 39. Re8+ Kh7 40. Qe4+ Rg6 41. Rxc2 Nxc2 42. Qd5 Rxg4+ 43. fxg4 Qxg4+ 44. Kf2 Qh4+ 45. Kf3 Qh3+ 46. Kxf4 Qxh2+ 47. Kg4 Qg1+ 48. Kh3 Qf1+ 49. Kg3 1-0

[Event "IECG CP.1999.P.00076"]
[Site "IECG email"]
[Date "1999.10.01"]
[Round "?"]
[White "Heidenfors, Karl G Ronald"]
[Black "Ausan, Leo Tito Jr"]
[Result "1-0"]
[WhiteElo "2170"]
[BlackElo "1280"]
[PlyCount "63"]
[EventDate "1999.10.01"]
[EventType "tourn (corr)"]
[EventRounds "6"]
[EventCountry "GER"]
[SourceTitle "Corr 2008"]
[Source "ChessBase"]
[SourceDate "2008.06.24"]
[SourceVersion "1"]
[SourceVersionDate "2008.06.24"]
[SourceQuality "1"]

1. e4 g6 2. d4 d6 3. Nc3 Bg7 4. f4 c6 5. Nf3 Bg4 6. Be3 Nf6 7. h3 Bxf3 8. Qxf3 e6 9. 0-0-0 0-0 10. g4 Qa5 11. Kb1 Nbd7 12. h4 h5 13. gxh5 Nxh5 14. Rg1 b5 15. Bd3 b4 16. Ne2 Rfe8 17. Rg5 Qc7 18. f5 exf5 19. exf5 Nf8 20. fxg6 fxg6 21. Bxg6 Nxg6 22. Rxg6 Qf7 23. Qxh5 Rxe3 24. Rdg1 Rae8 25. Rxg7+ Qxg7 26. Rxg7+ Kxg7 27. Qg5+ Kh7 28. Qh5+ Kg7 29. Qg5+ Kh7 30. Nc1 Re1 31. b3 Rh1 32. Qh5+ 1-0

[Event "IECG C1.1999.0.00227"]
[Site "IECG email"]
[Date "1999.08.10"]
[Round "?"]
[White "Heidenfors, Karl G Ronald"]
[Black "Perocco, Ercio Jr"]
[Result "1/2-1/2"]
[WhiteElo "2170"]
[BlackElo "2010"]
[PlyCount "59"]
[EventDate "1999.08.10"]
[EventType "tourn (corr)"]
[EventRounds "6"]
[SourceTitle "Corr 2008"]
[Source "ChessBase"]
[SourceDate "2008.06.24"]
[SourceVersion "1"]
[SourceVersionDate "2008.06.24"]
[SourceQuality "1"]

1. e4 c5 2. Nf3 d6 3. d4 cxd4 4. Nxd4 Nf6 5. Nc3 a6 6. f4 e5 7. Nf3 Nbd7 8. a4 Be7 9. Bd3 0-0 10. 0-0 exf4 11. Bxf4 Qb6+ 12. Kh1 Qxb2 13. Qe1 Qb6 14. Nd5 Nxd5 15. exd5 Qd8 16. c4 Nc5 17. Bc2 Bg4 18. Qg3 Bxf3 19. Rxf3 Bh4 20. Qg4 g6 21. Bxd6 Qxd6 22. Qxh4 Rae8 23. Raf1 Qe7 24. Qh6 Qe2 25. d6 Qxc4 26. Bb1 Nd7 27. Bf5 Rd8 28. Bb1 Rde8 29. Bf5 Rd8 30. Bb1 1/2-1/2